000 01490nam a2200373 c 4500
999 _c160371
_d160371
003 BLK
005 20211019115257.0
008 180410b bul|||||r ||||||| ||bul||
010 _aKNG00167580000
040 _aBLK
041 _aBUL
_cBUL
080 _aСоциалистически школи и системи. Вж и 330.8
_b141.8
_x(081.1)
_z141.8(081.1)
100 1 _aМаркс, Карл
_eпърви автор
_9365572
139 _aМаркс, Карл и др.
_bМ 32
245 1 0 _aСъчинения
_bТ. 1 -
_cКарл Маркс; съавт. Фридрих Енгелс; прев. на том Филип Гинев.
_nТ. 9
257 _aDEU
260 _bБКП
_c1957 -
_fСофия : Д. Благоев
_aСофия
300 _c23 см
_aXXIV, 698 с.
_bс 1 л. к.
380 _a1
500 _aЗагл. на рус. ез. Сочинения ; Ориг. загл. на нем. ез.
650 4 _aНаучен комунизъм
_9253121
650 4 _aМарксизъм-ленинизъм - философия
_9277200
653 _aнаучен комунизъм
653 _aмарксизъм
653 _aленинизъм
700 1 _aЕнгелс, Фридрих
_eсъавт.
_9374147
700 1 _aГинев, Филип
_eпрев. на том
_9367212
760 1 _aМаркс, Карл
_d1961
_hXXIV, 698 с. : с 1 л. к.
_tТ. 9
852 _aЦб 5860
856 4 _qpdf
856 4 _qpdf
942 _cKNG
_n0
_s1
944 _aCR
_c24.11.2014
_kМилена_Ачева
944 _aED
_c25.11.2014
_kМилена_Ачева
999 _d160371